000 00364nam a2200133 i 4500
001 bg
100 1 _aWOŹNIAK, Robert B.
245 0 _aStoczniowcy Szczecina, studium socjologiczne stoczni im. Adolfa Warskiego /
_cROBERT.B. Woźniak.
260 _aSzczecin,
_c1976.
040 _cBPK
041 _apol
942 _cKS
008 s pl f |000 0 pol
999 _c21383
_d21383
856 _uhttp://koha.tu.koszalin.pl/cgi-bin/koha/opac-detail.pl?biblionumber=21383
_yKatalog online BPK